|
|
|
|
| LEADER |
02596nam a2200637 i 4500 |
| 001 |
nkc20193117792 |
| 003 |
CZ PrNK |
| 005 |
20191031083117.0 |
| 007 |
ta |
| 008 |
190715s2019 xr acefe c 000 0dcze |
| 020 |
|
|
|a 978-80-270-6222-5
|q (brožováno)
|
| 040 |
|
|
|a OLA001
|b cze
|e rda
|
| 043 |
|
|
|a e-xr---
|
| 045 |
|
|
|a w-x-
|
| 072 |
|
7 |
|a 75
|x Malířství
|2 Konspekt
|9 21
|
| 080 |
|
|
|a 929.5
|2 MRF
|
| 080 |
|
|
|a 75.071.1
|2 MRF
|
| 080 |
|
|
|a 75.023.1-033.5
|2 MRF
|
| 080 |
|
|
|a 75.023.1-033.62
|2 MRF
|
| 080 |
|
|
|a 745/749.05
|2 MRF
|
| 080 |
|
|
|a (437.3)
|2 MRF
|
| 080 |
|
|
|a (083.824)
|2 MRF
|
| 100 |
1 |
|
|a Braunová, Helena,
|d 1962-
|7 xx0017263
|4 aut
|
| 245 |
1 |
0 |
|a Malíři skla z rodiny Ahne /
|c text: Helena Braunová
|
| 250 |
|
|
|a Vydání: I.
|
| 264 |
|
1 |
|a [Kamenický Šenov] :
|b město Kamenický Šenov, Sklářské muzeum,
|c 2019
|
| 300 |
|
|
|a 19 stran, 6 nečíslovaných stran obrazových příloh :
|b ilustrace (převážně barevné), portréty, 1 plán, faksimile ;
|c 21 cm
|
| 336 |
|
|
|a text
|b txt
|2 rdacontent
|
| 336 |
|
|
|a statický obraz
|b sti
|2 rdacontent
|
| 337 |
|
|
|a bez média
|b n
|2 rdamedia
|
| 338 |
|
|
|a svazek
|b nc
|2 rdacarrier
|
| 500 |
|
|
|a Název z obálky
|
| 500 |
|
|
|a Katalog ke stejnojmenné výstavě, Sklářské muzeum v Kamenickém Šenově, 8.9.-30.11.2019
|
| 500 |
|
|
|a 300 výtisků
|
| 504 |
|
|
|a Obsahuje bibliografii
|
| 600 |
3 |
7 |
|a Ahne (rodina)
|7 ola20191053153
|2 czenas
|
| 648 |
|
7 |
|a 19.-20. století
|7 ch757015
|2 czenas
|
| 650 |
0 |
7 |
|a rody
|7 ph125190
|z Česko
|y 19.-20. století
|2 czenas
|
| 650 |
0 |
7 |
|a malíři
|7 ph122596
|z Česko
|y 19.-20. století
|2 czenas
|
| 650 |
0 |
7 |
|a malba na skle
|7 ph139103
|z Česko
|y 19.-20. století
|2 czenas
|
| 650 |
0 |
7 |
|a malba na porcelánu
|7 ph285144
|z Česko
|y 19.-20. století
|2 czenas
|
| 650 |
0 |
7 |
|a užité umění
|7 ph116551
|z Česko
|y 19.-20. století
|2 czenas
|
| 650 |
0 |
9 |
|a families
|z Czechia
|y 19th-20th centuries
|2 eczenas
|
| 650 |
0 |
9 |
|a painters
|z Czechia
|y 19th-20th centuries
|2 eczenas
|
| 650 |
0 |
9 |
|a glass painting and staining
|z Czechia
|y 19th-20th centuries
|2 eczenas
|
| 650 |
0 |
9 |
|a porcelain painting
|z Czechia
|y 19th-20th centuries
|2 eczenas
|
| 650 |
0 |
9 |
|a applied arts
|z Czechia
|y 19th-20th centuries
|2 eczenas
|
| 655 |
|
7 |
|a katalogy výstav
|7 fd132536
|2 czenas
|
| 655 |
|
9 |
|a exhibition catalogs
|2 eczenas
|
| 710 |
2 |
|
|a Sklářské muzeum (Kamenický Šenov, Česko)
|7 ko2003207897
|4 orm
|4 isb
|
| 910 |
2 |
|
|a BOA001
|b 2-1435.848
|
| 928 |
9 |
|
|a Sklářské muzeum
|
| 990 |
|
|
|a BK
|
| 995 |
|
|
|a 11
|
| 991 |
|
|
|b 201910
|c NOV
|
| 996 |
6 |
|
|b 2610799046
|c 2-1435.848
|l MZK
|r Sklad / do 1 hodiny
|n 1
|p p.v.
|w 001759353
|u 000010
|a 1
|e BOA001
|j MZK50
|s P
|